000 01786cam a22004814i 4500
003 PE-LiUPU
005 20250731173015.0
008 150623s r 000 0 d
020 _a0192132571
035 _a(Sirsi) i9780192132574
040 _aPE-LiUPU
_bspa
_cPE-LiUPU
_erda
049 _aPRUA
082 0 4 _a220.63
_bM791940
_221
100 1 _aMorgan, Robert,
_d1940-,
_eautor.
245 1 0 _aBiblical interpretation /
_cRobert Morgan con John Barton.
264 1 _aNew York, NY :
_bOxford University Press,
_c1988.
300 _a342 páginas ;
_c20 centímetros
336 _atext
_2rdacontent
337 _aunmediated
_2rdamedia
338 _avolume
_2rdacarrier
490 0 _aOxford Bible Series
505 0 _aInterpretation and biblical interpretation. -Criticism and the death of Scripture. -History and the death growth of knowledge. -History of religions and history of traditions. -Theology and the scial sciences.Theology, history and literature. -Literature study of the Bible.
526 _aSEG42
526 _aSEG41
526 _aSEG40
526 _aSEG39
526 _aP94
526 _aP87
526 _aP86
526 _aP85
526 _aP77
526 _aP76
526 _aP35
630 _aBiblia
_xCrítica, interpretación, etc.
650 0 4 _aHermenéutica bíblica.
700 1 _aJohn Barton,
_eautor.
942 _2ddc
_cBOOK
949 _a220.63 M79 1940
_wDEWEY
_c1
_i47268
_lCCODEBUL1
_mBUL
_r0
_sY
_tBOOK
_u2015-6-24
_xTEOLOGIA
_PP35
_0COMPRA
_o.STAFF. Colección General
994 _aC0
_bPEPRU
596 _a1
999 _a220.63 M79 1940
_wDEWEY
_c23812
_i47268
_f2021-11-9
_g5
_lCCODEBUL1
_mBUL
_r0
_sY
_tBOOK
_u2015-6-24
_xTEOLOGIA
_PP35
_0COMPRA
_o.STAFF. Colección General
_d23812
980 _81
_gALBERTO SANCHEZ Responsable de Automatización